=LDR 00000nam 2200000 4500 =001 INLIS000000000041061 =005 20190306021924 =035 ##$$a 0010-061300000041061 =008 190306###########################0#ind## =041 ##$$a Ind =082 ##$$a 808.83 =090 ##$$a 808.83, Tio s =100 ##$$a Tio Keng Jian =245 1#$$a Sie Jin kwi cengkang, /$c Tio Keng Jiang ; editor, Wahyu Wibisana =260 ##$$a jakarta :$b Suara Harapan Bangsa,$c 2011 =300 ##$$a viii, 496 hlm, ; $c 21 cm =650 ##$$a Fiksi Sejarah =850 ##$$a NBPNMAT =020 ##$$a 987-602-98292-4-2 =084 ##$$a 808.83 TIO s =990 ##$$a 0001/BPAP-NTB/20142014 =990 ##$$a 0001/BPAP-NTB/2016 =990 ##$$a 03830383 =990 ##$$a 21112326 =990 ##$$a 0001/BPAP-NTB/20142014 =990 ##$$a 0001/BPAP-NTB/2016